5HLuxD.jpg

KING HENRY VIII SENIOR AND PRIMARY SCHOOL LIBRARY OPAC

The moonstone / (Record no. 1713)

000 -LEADER
fixed length control field 01030pam a2200325 a 4500
001 - CONTROL NUMBER
control field 015856828
003 - CONTROL NUMBER IDENTIFIER
control field Uk
005 - DATE AND TIME OF LATEST TRANSACTION
control field 20230120140543.0
008 - FIXED-LENGTH DATA ELEMENTS--GENERAL INFORMATION
fixed length control field 110720s2011 enka j 000|1 eng|d
015 ## - NATIONAL BIBLIOGRAPHY NUMBER
National bibliography number GBB189688
Source bnb
016 7# - NATIONAL BIBLIOGRAPHIC AGENCY CONTROL NUMBER
Record control number 015856828
Source Uk
020 ## - INTERNATIONAL STANDARD BOOK NUMBER
International Standard Book Number 9781906230517 (pbk.) :
040 ## - CATALOGING SOURCE
Original cataloging agency StDuBDS
Language of cataloging eng
Transcribing agency StDuBDS
Modifying agency Uk
-- KH8
042 ## - AUTHENTICATION CODE
Authentication code ukblsr
082 04 - DEWEY DECIMAL CLASSIFICATION NUMBER
Classification number 823.92 EVA
Edition number 23
100 1# - MAIN ENTRY--PERSONAL NAME
Personal name Evans, Tony
Titles and words associated with a name (Children's fiction writer)
Relator term author
245 14 - TITLE STATEMENT
Title The moonstone /
Statement of responsibility, etc. Wilkie Collins ; retold by Tony Evans ; illustrated by Felix Bennett.
260 ## - PUBLICATION, DISTRIBUTION, ETC.
Place of publication, distribution, etc. Stroud :
Name of publisher, distributor, etc. Real Reads,
Date of publication, distribution, etc. 2011.
300 ## - PHYSICAL DESCRIPTION
Extent 64 p. :
Other physical details col. ill. ;
Dimensions 20 cm.
336 ## - CONTENT TYPE
Content type term text
Source rdacontent
337 ## - MEDIA TYPE
Media type term unmediated
Source rdamedia
338 ## - CARRIER TYPE
Carrier type term volume
Source rdacarrier
500 ## - GENERAL NOTE
General note Formerly CIP.
Institution to which field applies Uk
650 #0 - SUBJECT ADDED ENTRY--TOPICAL TERM
Topical term or geographic name entry element Jewelry theft
Form subdivision Juvenile fiction.
655 #0 - INDEX TERM--GENRE/FORM
Genre/form data or focus term Detective and mystery stories.
655 #0 - INDEX TERM--GENRE/FORM
Genre/form data or focus term Children's stories.
700 1# - ADDED ENTRY--PERSONAL NAME
Personal name Bennett, Felix.
Relator term illustrator
700 1# - ADDED ENTRY--PERSONAL NAME
Personal name Collins, Wilkie,
Dates associated with a name 1824-1889.
Title of a work Moonstone.
942 ## - ADDED ENTRY ELEMENTS (KOHA)
Source of classification or shelving scheme
Koha item type Books - Non Ficton
Holdings
Withdrawn status Lost status Source of classification or shelving scheme Damaged status Not for loan Collection code Permanent Location Current Location Shelving location Date acquired Total Checkouts Full call number Barcode Date last seen Date last checked out Price effective from Koha item type
          Non-Fiction KH8 Primary School Library KH8 Primary School Library Non Fiction 2023-01-20 5 823.92 EVA KHPL000003471 2025-12-05 2025-06-09 2023-01-20 Books - Non Ficton

Powered By KH8 IT Dept